Bratislavská lýra

Bibliographic Details
Main Author: Szabó, Ivan (Author)
Other Authors: Kratochvíl, J. (Photographer)
Format: Book
Language:Slovak
PhysicalDescription:330 s. fotogr. 22 cm
Published: Bratislava Marenčin PT 2010
ISBN:9788081140570
Edition:1. vyd.
Subjects:

MARC

LEADER 00000cam a2200000 a 4500
001 vtls010212509
003 SK-MaSNL
005 20260301084254.0
008 240315s2010 xo o g 000 0 slo
015 |a SNBA2011/06-03279 
020 |a 9788081140570  |q (viaz.) 
035 |a 9784D7A2-9A31-41F9-89E2-6B8E6FB1EA04 
035 |a urn:nbn:sk:snk-amjh0d 
035 |a urn:nbn:sk:snk-am001sf5 
040 |a SNK  |b slo  |c SNK  |e AACR2 
041 0 |a slo 
044 |a xo  |c SK 
072 7 |a 78  |x Hudba  |2 konspekt 
080 |a 78.03.011.26  |2 2001 
080 |a 78.079  |2 2001 
080 |a (048.8)  |2 2001 
100 1 |a Szabó, Ivan  |4 aut  |9 324273 
245 1 0 |a Bratislavská lýra  |c Ivan Szabó ; [fotografie J. Kratochvíl... [et. al.] 
250 |a 1. vyd. 
260 |a Bratislava  |b Marenčin PT  |c 2010 
300 |a 330 s.  |b fotogr.  |c 22 cm 
504 |a Bibliogr. 
611 2 7 |a Bratislavská lýra  |2 SNKKA  |9 34803 
650 0 7 |a populárna hudba  |2 SNKPH  |9 3428 
650 0 7 |a hudobné festivaly  |2 SNKPH  |9 2958 
650 0 7 |a Popular music  |2 SNKPHeng  |9 90436 
650 0 7 |a Music festivals  |2 SNKPHeng  |9 265351 
655 7 |a prehľady  |2 SNKPH  |9 70194 
655 7 |a Surveys  |2 SNKPHeng  |9 266058 
700 1 |a Kratochvíl, J.  |4 pht  |9 412440 
852 |a Štátna vedecká knižnica v Banskej Bystrici 
919 |a 978--808114-057-0 
958 |a NB 
968 |d 78 
999 |c 662949  |d 664879 
952 |a SNK  |b SNK  |y PREZ  |7 0  |p 17A0690733  |o snkSC 144461  |i snk2011/5594  |8 0  |0 0  |1 0  |4 0  |d 2011-03-11  |l 0  |r 2025-07-14 00:00:00  |w 2026-02-23 
952 |a SNK  |b SNK  |y VYP  |7 0  |p 17A0690732  |o snkSC 144461 D1  |i snk2011/5595  |8 0  |0 0  |1 0  |4 0  |d 2011-03-11  |f 1  |l 0  |r 2026-02-23 18:59:30  |w 2026-02-23 
952 |t snkSZA 78.079  |a SNKUST  |b SNKUST  |y PREZ  |7 0  |p 17A0809369  |o snkSC 144461 D2  |i snk2012/5930  |8 3  |g 16.90  |0 0  |1 0  |4 0  |d 2012-04-27  |l 0  |r 2025-04-28 00:00:00  |w 2026-02-23